000 00597nam a2200193 i 4500
001 150989
003 ES-MaACL
005 20251211134145.0
007 t|
008 071126s1916 xxk ||||1| eng d
100 1 _aChesterton, Cecil, Mrs.
_9138457
245 1 4 _aThe perils of peace /
_cby Cecil Chesterton ; with an introduction by Hilaire Belloc.
260 _aLondon :
_bT. Werner Laurie,
_c[1916]
300 _a240 p. ;
_c20 cm.
650 0 4 _aGuerra mundial, 1914-1918.
_913212
700 1 _aBelloc, Hilaire,
_d1870-1953
_927250
852 _aES-MaACL
_jC-991
999 _c150989
_d150989